000 00551nam a2200205Ia 4500
005 20260429112058.0
008 260429s9999||||xx |||||||||||||| ||und||
020 _a9788171566785
041 _aEnglish
082 _a320.50954
_bSHA'
100 _aSharma, Urmila
245 0 _aIndian political thought /
_cUrmila Sharma
250 _a1st ed.
260 _aNew Delhi :
_bAtlantic Publishers and Distributors,
_c2026.
300 _avi, 432 p.; hb
650 _a India
650 _aPolitical thoughts
700 _a Sharma, S. K.
942 _cTB
999 _c52239
_d52239